书目信息 |
| 题名: |
ISO 45001:2018《职业健康安全管理体系要求》的应用指南
|
|
| 作者: | 李在卿 编著 | |
| 分册: | ||
| 出版信息: | 北京 中国标准出版社 2019.2 |
|
| 页数: | 296页 | |
| 开本: | 21cm | |
| 丛书名: | ||
| 单 册: | ||
| 中图分类: | X92-62 , R13-62 | |
| 科图分类: | ||
| 主题词: | 劳动保护--安全管理体系--中国--指南 , 劳动卫生--安全管理体系--中国--指南 | |
| 电子资源: | ||
| ISBN: | 978-7-5066-9220-5 | |
| 000 | 01111nam0 2200253 450 | |
| 001 | 0100010796 | |
| 005 | 20190905093952.0 | |
| 010 | @a978-7-5066-9220-5@dCNY66.00 | |
| 100 | @a20190904d2019 em y0chiy0110 ea | |
| 101 | 0 | @achi |
| 102 | @aCN@b110000 | |
| 105 | @ay z 000yy | |
| 106 | @ar | |
| 200 | 1 | @aISO 45001:2018《职业健康安全管理体系要求》的应用指南@AI S O 45001:2018《Zhi Ye Jian Kang An Quan Guan Li Ti Xi Yao Qiu》De Ying Yong Zhi Nan@f李在卿编著 |
| 210 | @a北京@c中国标准出版社@d2019.2 | |
| 215 | @a296页@d21cm | |
| 330 | @a本书在分析职业健康安全管理标准发展的基础上,详细解读了ISO 45001:2018《职业健康安全管理体系要求》,说明了如何依据本标准建立和转化组织的职业健康安全管理体系,结合标准要求,介绍了职业健康安全管理相关工具;解读了相关的法律法规。是体系转换的必备宣贯教材,可供管理体系审核员、认证咨询师、各组织及安全从业人员使用。 | |
| 606 | 0 | @a劳动保护@x安全管理体系@y中国@x指南 |
| 606 | 0 | @a劳动卫生@x安全管理体系@y中国@x指南 |
| 690 | @aX92-62@v5 | |
| 690 | @aR13-62@v5 | |
| 701 | 0 | @a李在卿@ALi Zai Qing@4编著 |
| 801 | 0 | @aCN@c20190905 |
| 905 | @a河南城建学院图书馆@dX92-62@eL335 | |
| ISO 45001:2018《职业健康安全管理体系要求》的应用指南/李在卿编著.-北京:中国标准出版社,2019.2 |
| 296页;21cm |
| ISBN 978-7-5066-9220-5:CNY66.00 |
| 本书在分析职业健康安全管理标准发展的基础上,详细解读了ISO 45001:2018《职业健康安全管理体系要求》,说明了如何依据本标准建立和转化组织的职业健康安全管理体系,结合标准要求,介绍了职业健康安全管理相关工具;解读了相关的法律法规。是体系转换的必备宣贯教材,可供管理体系审核员、认证咨询师、各组织及安全从业人员使用。 |
| ● |
| 相关链接 |
|
|
|
正题名:ISO 45001:2018《职业健康安全管理体系要求
索取号:X92-62/L335
 
预约/预借
| 序号 | 登录号 | 条形码 | 馆藏地/架位号 | 状态 | 备注 |
| 1 | 1438895 | 214388955 | 自科库501/501自科库 119排2列4层/ [索取号:X92-62/L335] | 在馆 | |
| 2 | 1438896 | 214388964 | 自科库501/501自科库 119排2列4层/ [索取号:X92-62/L335] | 在馆 |